000 00701nam a2200229 a 4500
005 20140310183409.0
008 130326s19uu xx 00 eng d
020 _a9789712346774
050 _aKPM 952
_b.T693 2008
100 _aTorres, Justo P., Jr.
245 _aThe Law on business organization :
_bpartnerships & private corporations /
_cJusto P. Torres, Jr.
250 _a2008 ed.
260 _aManila, Philippines :
_bRex Book Store,
_c2008.
300 _axlv, 385 p. :
_c22 cm.
521 _aBSBA
650 _aBusiness law
_xPhilippines
650 _aCorporation law
_xPhilippines
650 _aPartnership
_xPhilippines
942 _cBK
_2lcc
_kLOC
999 _c22472
_d22472